Is it a real lure - Statistics

General Stats
  • This quiz has been taken 14 times
  • The average score is 3 of 20
Answers on the Grid
Answers color-coded by a green-red scale on the quiz's grid according to % correct below.
Spoon
jerk bait
blade bait
Krank bait
Crank bait
Fly
Flie
Jig
Gig
spinner
inline spinner
Popper
Poppper
skenko
worm
soft plastic worm
Pattle tails
Paddle tails
Creatre baits
Creature baits
Tube like baits
tube baits
Kurly tail grub
grub
maggot
curly tail grub
fluc
Fluke
soft jerk bait
chatter bait
 
Answer Stats
Answer % Correct
Spoon
67%
Crank bait
33%
Fluke
33%
jerk bait
33%
Jig
33%
soft plastic worm
33%
spinner
33%
blade bait
0%
chatter bait
0%
Creature baits
0%
curly tail grub
0%
Fly
0%
grub
0%
inline spinner
0%
maggot
0%
Paddle tails
0%
Popper
0%
skenko
0%
soft jerk bait
0%
tube baits
0%
No matching quizzes found
Score Distribution
Percent of People with Each Score
Percentile by Number Answered
Your Score History
You have not taken this quiz